All Marble League Teams that Podiumed - Whammies! - Statistics

General Stats
  • This quiz has been taken 7 times
  • The average score is 18 of 30
Answer Stats
Ranking Year Answer % Correct
1st 2017 O'rangers
83%
2nd 2020 O'rangers
83%
1st 2022 Pinkies
83%
1st 2023 Crazy Cat's Eyes
67%
2nd 2019 Green Ducks
67%
3rd 2019 Hazers
67%
2nd 2016 Mellow Yellow
67%
3rd 2017 Mellow Yellow
67%
1st 2021 Mellow Yellow
67%
3rd 2025 Mellow Yellow
67%
1st 2018 Midnight Wisps
67%
1st 2019 Raspberry Racers
67%
2nd 2021 Raspberry Racers
67%
1st 2016 Savage Speeders
67%
2nd 2017 Savage Speeders
67%
2nd 2018 Savage Speeders
67%
1st 2020 Savage Speeders
67%
3rd 2023 Savage Speeders
67%
1st 2024 Team Momo
67%
3rd 2024 Black Jacks
50%
1st 2025 Kobalts
50%
3rd 2020 Minty Maniacs
50%
3rd 2018 Oceanics
50%
2nd 2025 Oceanics
50%
2nd 2022 Shining Swarm
50%
2nd 2024 Snowballs
50%
3rd 2022 Team Galactic
50%
3rd 2016 Thunderbolts
50%
2nd 2023 Bumblebees
33%
3rd 2021 Gliding Glaciers
17%
No matching quizzes found
Score Distribution
Percent of People with Each Score
Percentile by Number Answered
Your Score History
You have not taken this quiz